000 00604nam a2200217 a 4500
005 20140310183553.0
008 111018s19uu xx 00 eng d
020 _a9780205642403
050 _aLB 1028
_b.W517 2009
100 _aWeirsma, William
245 _aResearch methods in education :
_ban introduction /
_cWilliam Weirsma, Stephen Jurs.
250 _a9th ed.
260 _aBoston :
_bPearson,
_c2009.
300 _a493 p. :
_bill. ;
_c24 cm.
500 _awith CD
521 _aEDU
650 _aEducation
_xResearch
700 _aJurs, Stephen
942 _cBK
_2lcc
_kFOR
999 _c24988
_d24988